Normal view
MARC view
- Rinder , Walter
Entry Personal Name
001 - CONTROL NUMBER
- control field: 134064
003 - CONTROL NUMBER IDENTIFIER
- control field: NUST
005 - DATE AND TIME OF LATEST TRANSACTION
- control field: 20260413123945.0
008 - FIXED-LENGTH DATA ELEMENTS
- fixed length control field: 260413|| aca||aabn | a|a d
040 ## - CATALOGING SOURCE
- Original cataloging agency: NUST
- Transcribing agency: NUST
100 ## - HEADING--PERSONAL NAME
- Personal name: Rinder , Walter
670 ## - SOURCE DATA FOUND
- Source citation: Work cat.: (NUST): Rinder , Walter., This time called life /, 1971.
